Hitos históricos de la Quinta región: desde el nacimiento de El Mercurio hasta nuestros días
Sparad:
| Materialtyp: | Bok |
|---|---|
| Språk: | spanska |
| Publicerad: |
Valparaíso, Chile
El Mercurio
2001
|
| Ämnen: | |
| Taggar: |
Lägg till en tagg
Inga taggar, Lägg till första taggen!
|
MARC
| LEADER | 00000nam a2200000 a 4500 | ||
|---|---|---|---|
| 001 | UCL4832 | ||
| 003 | CL-VaPUC | ||
| 005 | 20250221123851.0 | ||
| 008 | 040227e20010000CL |||||||||||||||||spa|d | ||
| 999 | |c 307593 |d 307591 | ||
| 040 | |c Pontificia Universidad Católica de Valparaíso | ||
| 082 | 0 | 4 | |a 983.04 HIT 2001 |2 21 |
| 245 | 1 | 0 | |a Hitos históricos de la Quinta región: |b desde el nacimiento de El Mercurio hasta nuestros días |
| 260 | |a Valparaíso, Chile |b El Mercurio |c 2001 | ||
| 300 | |a 212 páginas | ||
| 583 | |a last modification |c 20040227 00:00:00 |k Rodrigo Vera | ||
| 650 | 0 | |a Historia de Chile |z VALPARAISO |9 265473 | |
| 650 | 0 | |a Historia de Valparaíso |y Siglo 19 |z CHILE |9 482499 | |
| 852 | |a BIBCUR | ||
| 942 | |c BK |2 ddc | ||
| 945 | |d 20040227 00:00:00 |a cmena | ||
| 952 | |0 0 |1 0 |2 ddc |4 0 |6 983_040000000000000_HIT_2001 |7 0 |8 X |9 373626 |a BIBHIS |b BIBHIS |d 2019-11-21 |i 3985873 |o 983.04 HIT 2001 |p 3985873 |r 2024-01-30 |t 1 |w 2019-11-21 |y BK_X |k HIS | ||